Information systems essentials. / (Record no. 2192)

MARC details
000 -LEADER
fixed length control field 01154nam a22001697a 4500
008 - FIXED-LENGTH DATA ELEMENTS--GENERAL INFORMATION
fixed length control field 120828t xxu||||| |||| 00| 0 eng d
020 ## - INTERNATIONAL STANDARD BOOK NUMBER
International Standard Book Number 0073105813
050 ## - LIBRARY OF CONGRESS CALL NUMBER
Classification number T58.6.H17
100 ## - MAIN ENTRY--PERSONAL NAME
Personal name Haag, Stephen
245 ## - TITLE STATEMENT
Title Information systems essentials. /
Statement of responsibility, etc. Stephen Haag
260 ## - PUBLICATION, DISTRIBUTION, ETC.
Place of publication, distribution, etc. Boston:
Name of publisher, distributor, etc. McGraw - Hill,
Date of publication, distribution, etc. 2006.
300 ## - PHYSICAL DESCRIPTION
Extent xxx, 462 p.:
Other physical details ill.;
Dimensions 24cm.
505 ## - FORMATTED CONTENTS NOTE
Formatted contents note Contents: Information age in which you live: Changing the face of business -- Major business initiatives: gaining competitive advantage with IT -- Databases and data warehouses: Building business intelligence -- Decision support and artificial intelligence: Brainpower for your business -- Electronic commerce: strategies for the new economy -- Systems development: phases tools and techniques -- IT infrastructures: Business - Driven technology -- Protecting people and information: Threats and safegaurds -- Emerging trends and technologies: Business, people and technology tomorrow -- Appendix A: Computer hardware and software -- Appendix B: Networks basics -- Group projects.
650 ## - SUBJECT ADDED ENTRY--TOPICAL TERM
Topical term or geographic name entry element Management information systems.
650 ## - SUBJECT ADDED ENTRY--TOPICAL TERM
Topical term or geographic name entry element Information technology.
942 ## - ADDED ENTRY ELEMENTS (KOHA)
Source of classification or shelving scheme Library of Congress Classification
Koha item type Books
Holdings
Withdrawn status Lost status Source of classification or shelving scheme Damaged status Not for loan Home library Current library Shelving location Date acquired Total Checkouts Full call number Barcode Date last seen Copy number Price effective from Koha item type
    Library of Congress Classification     WISCONSIN INTERNATIONAL UNIVERSITY COLLEGE, GHANA - MAIN LIBRARY WISCONSIN INTERNATIONAL UNIVERSITY COLLEGE, GHANA - MAIN LIBRARY General Stacks 28/08/2012   T58.6.H17 5893/12 28/08/2012 1 28/08/2012 Books

If you have any concerns or questions; kindly contact the library


© Powered by WIUC ICT DIRECTORATE